000 00431nam a2200169Ia 4500
008 180921t2016 xxu||||| |||| 00| 1 sin d
041 _asin
080 _aX8C31
_bMAH
100 _aMahasingha, Anuradha
245 _aබැමිණිතිකාලය
246 _aBeminithiKalaya
260 _bNilantha Gamage
_as.i.
_c2016
300 _a80p., 21cm
942 _cBK
999 _c7349
_d7349
003 LK-CoDNM
040 _aLK-CoDNM
_dLK-CoDNM
_eLK-CoDNM